Library Banner

Health psychology (Record no. 86062)

MARC details
000 -LEADER
fixed length control field 00440nam a22001817a 4500
005 - DATE AND TIME OF LATEST TRANSACTION
control field 20160527102131.0
008 - FIXED-LENGTH DATA ELEMENTS--GENERAL INFORMATION
fixed length control field 160527b xxu||||| |||| 00| 0 eng d
020 ## - INTERNATIONAL STANDARD BOOK NUMBER
International Standard Book Number 9789814577472
040 ## - CATALOGING SOURCE
Transcribing agency PK-LaUMT
082 ## - DEWEY DECIMAL CLASSIFICATION NUMBER
Classification number 610.1
Item number TAY-H
100 ## - MAIN ENTRY--PERSONAL NAME
Personal name Taylor, Shelley E
245 ## - TITLE STATEMENT
Title Health psychology
Statement of responsibility, etc Shelley E. Taylor
250 ## - EDITION STATEMENT
Edition statement 9th
260 ## - PUBLICATION, DISTRIBUTION, ETC. (IMPRINT)
Place of publication, distribution, etc California
Name of publisher, distributor, etc Mcgrawhill
Date of publication, distribution, etc 2015
300 ## - PHYSICAL DESCRIPTION
Extent 430 p.
546 ## - LANGUAGE NOTE
Language note (English
942 ## - ADDED ENTRY ELEMENTS (KOHA)
Koha item type Books
Holdings
Withdrawn status Lost status Damaged status Home library Current library Date acquired Full call number Barcode Date last seen Price effective from Koha item type
      UMT Main Campus UMT Main Campus 2016-05-27 610.1 TAY-H 100242 2018-05-09 2016-05-27 Books